• 首页
  • 本馆介绍
  • 公告通知
  • 最新文献
  • 馆藏检索
  • 电子资源
  • 读者导购
  • 参考咨询
  • 我的图书馆
  • 登录
  • 详细信息显示
  • 放入我的书架
  • 预约/预借图书
  • 作者相关作品
  • 分类相关作品
  • 丛书相关作品
  • 出版社相关作品

书目信息

  • 表格格式
  • 工作单格式
  • 卡片格式
题名:
幽默摄影与拍摄技巧
    
 
作者: 谢建华 著
分册:  
出版信息: 长春   吉林摄影出版社  1998.4
页数: 161页
开本: 32开
丛书名: 摄影技巧丛书
单 册:
中图分类: J41
科图分类:
主题词: 摄影技术--普及读物 , 摄影艺术--各种
电子资源:
ISBN: 7-80606-113-4
000 00656nam0 2200229 45
001 0012251553
005 20031219104048.3
010    @a7-80606-113-4@dCNY15.00
100    @a20001225d1998 km y0chiy0120 ea
101 0  @achi
105    @a z 000yy
200 1  @a幽默摄影与拍摄技巧@AYou Mo She Ying Yu Pai She Ji Qiao@f谢建华著@FXie Jian Hua Zhu
210    @a长春@c吉林摄影出版社@d1998.4
215    @a161页@c插图@d32开
225    @a摄影技巧丛书
410    @12001 @a摄影技巧丛书
606 0  @a摄影技术@x普及读物
606 0  @a摄影艺术@x各种
690    @aJ41@v1
701  0 @a谢建华@4著
801    @aCN@bTSTC@c20001225
905    @b294249-258@dJ41@e107@f10
    
    幽默摄影与拍摄技巧/谢建华著.-长春:吉林摄影出版社,1998.4
    161页:插图;32开.-(摄影技巧丛书)
    
    
    ISBN 7-80606-113-4:CNY15.00
    
●
相关链接 在E读中查询图书 在五车中查询图书 在当当中查询图书 在豆瓣中查询图书


正题名:幽默摄影与拍摄技巧     索取号:J41/107         预约/预借

序号 登录号 条形码 馆藏地/架位号 状态 备注
1 0294249   002942490   第一借阅区/ [索取号:J41/107] 在馆    
2 0294250   002942506   第一借阅区/ [索取号:J41/107] 在馆    
3 0294251   002942515   第一样本阅览室/ [索取号:J41/107] 在馆    
4 0294252   002942524   第一借阅区/ [索取号:J41/107] 在馆    
5 0294253   002942533   第一借阅区/ [索取号:J41/107] 在馆    
6 0294254   002942542   第一借阅区/ [索取号:J41/107] 在馆    
7 0294255   002942551   第一借阅区/ [索取号:J41/107] 在馆    
8 0294256   002942560   第一借阅区/ [索取号:J41/107] 在馆    
9 0294257   002942579   第一借阅区/ [索取号:J41/107] 在馆    
10 0294258   002942588   第一借阅区/ [索取号:J41/107] 在馆    
唐山师范学院图书馆 欢迎您!
大连网信软件有限公司© 版权所有